<?xml version="1.0" encoding="UTF-8"?>
<record
    xmlns:xsi="http://www.w3.org/2001/XMLSchema-instance"
    xsi:schemaLocation="http://www.loc.gov/MARC21/slim http://www.loc.gov/standards/marcxml/schema/MARC21slim.xsd"
    xmlns="http://www.loc.gov/MARC21/slim">

  <leader>03587    a2200313   4500</leader>
  <controlfield tag="003">NALT</controlfield>
  <controlfield tag="005">20251128131502.0</controlfield>
  <controlfield tag="008">220920b        th ||||| |||| 00| 0 tha d</controlfield>
  <datafield tag="020" ind1=" " ind2=" ">
    <subfield code="a">9786168187425</subfield>
  </datafield>
  <datafield tag="040" ind1=" " ind2=" ">
    <subfield code="a">NALT</subfield>
  </datafield>
  <datafield tag="041" ind1="1" ind2=" ">
    <subfield code="a">tha</subfield>
    <subfield code="h">eng</subfield>
  </datafield>
  <datafield tag="050" ind1=" " ind2=" ">
    <subfield code="a">HG 179</subfield>
    <subfield code="b">&#xE2E;721&#xE08; 2565</subfield>
  </datafield>
  <datafield tag="100" ind1="1" ind2=" ">
    <subfield code="a">&#xE40;&#xE2E;&#xE32;&#xE40;&#xE0B;&#xE34;&#xE25;, &#xE21;&#xE2D;&#xE23;&#xE4C;&#xE41;&#xE01;&#xE19;</subfield>
    <subfield code="9">59037</subfield>
  </datafield>
  <datafield tag="245" ind1="1" ind2="0">
    <subfield code="a">&#xE08;&#xE34;&#xE15;&#xE27;&#xE34;&#xE17;&#xE22;&#xE32;&#xE27;&#xE48;&#xE32;&#xE14;&#xE49;&#xE27;&#xE22;&#xE40;&#xE07;&#xE34;&#xE19; =</subfield>
    <subfield code="b">The psychology of money / </subfield>
    <subfield code="c">&#xE1C;&#xE39;&#xE49;&#xE40;&#xE02;&#xE35;&#xE22;&#xE19;, Morgan Housel ; &#xE1C;&#xE39;&#xE49;&#xE41;&#xE1B;&#xE25;, &#xE18;&#xE19;&#xE34;&#xE19; &#xE23;&#xE31;&#xE28;&#xE21;&#xE35;&#xE18;&#xE23;&#xE23;&#xE21;&#xE0A;&#xE32;&#xE15;&#xE34;.</subfield>
  </datafield>
  <datafield tag="246" ind1="1" ind2="4">
    <subfield code="a">The psychology of money.</subfield>
  </datafield>
  <datafield tag="250" ind1=" " ind2=" ">
    <subfield code="a">&#xE1E;&#xE34;&#xE21;&#xE1E;&#xE4C;&#xE04;&#xE23;&#xE31;&#xE49;&#xE07;&#xE17;&#xE35;&#xE48; 3.</subfield>
  </datafield>
  <datafield tag="260" ind1=" " ind2=" ">
    <subfield code="a">&#xE01;&#xE23;&#xE38;&#xE07;&#xE40;&#xE17;&#xE1E;&#xE2F; :</subfield>
    <subfield code="b">&#xE25;&#xE35;&#xE1F; &#xE23;&#xE35;&#xE0A; &#xE1F;&#xE2D;&#xE23;&#xE4C;&#xE40;&#xE2D;&#xE1F;&#xE40;&#xE27;&#xE2D;&#xE23;&#xE4C;,</subfield>
    <subfield code="c">2565.</subfield>
  </datafield>
  <datafield tag="300" ind1=" " ind2=" ">
    <subfield code="a">270 &#xE2B;&#xE19;&#xE49;&#xE32; :</subfield>
    <subfield code="b">&#xE20;&#xE32;&#xE1E;&#xE1B;&#xE23;&#xE30;&#xE01;&#xE2D;&#xE1A; ;</subfield>
    <subfield code="c">21 &#xE0B;&#xE21;.</subfield>
  </datafield>
  <datafield tag="505" ind1="0" ind2=" ">
    <subfield code="a">&#xE1A;&#xE17;&#xE19;&#xE33; &#xE01;&#xE32;&#xE23;&#xE40;&#xE1C;&#xE22;&#xE43;&#xE2B;&#xE49;&#xE40;&#xE2B;&#xE47;&#xE19;&#xE04;&#xE27;&#xE32;&#xE21;&#xE08;&#xE23;&#xE34;&#xE07;&#xE17;&#xE35;&#xE48;&#xE22;&#xE34;&#xE48;&#xE07;&#xE43;&#xE2B;&#xE0D;&#xE48;&#xE17;&#xE35;&#xE48;&#xE2A;&#xE38;&#xE14;&#xE1A;&#xE19;&#xE42;&#xE25;&#xE01; -- &#xE1A;&#xE17;&#xE17;&#xE35;&#xE48; 1 &#xE44;&#xE21;&#xE48;&#xE21;&#xE35;&#xE43;&#xE04;&#xE23;&#xE40;&#xE1B;&#xE47;&#xE19;&#xE04;&#xE19;&#xE1A;&#xE49;&#xE32; -- &#xE1A;&#xE17;&#xE17;&#xE35;&#xE48; 2 &#xE42;&#xE0A;&#xE04;&#xE41;&#xE25;&#xE30;&#xE04;&#xE27;&#xE32;&#xE21;&#xE40;&#xE2A;&#xE35;&#xE48;&#xE22;&#xE07; -- &#xE1A;&#xE17;&#xE17;&#xE35;&#xE48; 3 &#xE44;&#xE21;&#xE48;&#xE40;&#xE04;&#xE22;&#xE1E;&#xE2D; -- &#xE1A;&#xE17;&#xE17;&#xE35;&#xE48; 4 &#xE01;&#xE32;&#xE23;&#xE17;&#xE1A;&#xE15;&#xE49;&#xE19;&#xE17;&#xE35;&#xE48;&#xE17;&#xE33;&#xE43;&#xE2B;&#xE49;&#xE07;&#xE07;&#xE07;&#xE27;&#xE22; -- &#xE1A;&#xE17;&#xE17;&#xE35;&#xE48; 5 &#xE44;&#xE14;&#xE49;&#xE21;&#xE32;&#xE0B;&#xE36;&#xE48;&#xE07;&#xE04;&#xE27;&#xE32;&#xE21;&#xE21;&#xE31;&#xE48;&#xE07;&#xE04;&#xE31;&#xE48;&#xE07; &#xE01;&#xE31;&#xE1A; &#xE23;&#xE31;&#xE01;&#xE29;&#xE32;&#xE44;&#xE27;&#xE49;&#xE0B;&#xE36;&#xE48;&#xE07;&#xE04;&#xE27;&#xE32;&#xE21;&#xE21;&#xE31;&#xE48;&#xE19;&#xE04;&#xE31;&#xE48;&#xE07; -- &#xE1A;&#xE17;&#xE17;&#xE35;&#xE48; 6 &#xE2B;&#xE32;&#xE07;&#xE22;&#xE32;&#xE27; &#xE04;&#xE38;&#xE13;&#xE0A;&#xE19;&#xE30; -- &#xE1A;&#xE17;&#xE17;&#xE35;&#xE48; 7 &#xE2D;&#xE34;&#xE2A;&#xE23;&#xE20;&#xE32;&#xE1E; -- &#xE1A;&#xE17;&#xE17;&#xE35;&#xE48; 8 &#xE04;&#xE27;&#xE32;&#xE21;&#xE22;&#xE49;&#xE2D;&#xE19;&#xE41;&#xE22;&#xE49;&#xE07;&#xE02;&#xE2D;&#xE07;&#xE0A;&#xE32;&#xE22;&#xE43;&#xE19;&#xE23;&#xE16;&#xE22;&#xE19;&#xE15;&#xE4C; -- &#xE1A;&#xE17;&#xE17;&#xE35;&#xE48; 9 &#xE04;&#xE27;&#xE32;&#xE21;&#xE21;&#xE31;&#xE48;&#xE07;&#xE04;&#xE31;&#xE48;&#xE07;&#xE04;&#xE37;&#xE2D;&#xE2A;&#xE34;&#xE48;&#xE07;&#xE17;&#xE35;&#xE48;&#xE04;&#xE38;&#xE13;&#xE21;&#xE2D;&#xE07;&#xE44;&#xE21;&#xE48;&#xE40;&#xE2B;&#xE47;&#xE19; -- &#xE1A;&#xE17;&#xE17;&#xE35;&#xE48; 10 &#xE40;&#xE01;&#xE47;&#xE1A;&#xE2D;&#xE2D;&#xE21; -- &#xE1A;&#xE17;&#xE17;&#xE35;&#xE48; 11 &#xE2A;&#xE21;&#xE40;&#xE2B;&#xE15;&#xE38;&#xE2A;&#xE21;&#xE1C;&#xE25;&gt;&#xE22;&#xE36;&#xE14;&#xE40;&#xE2B;&#xE15;&#xE38;&#xE1C;&#xE25; -- &#xE1A;&#xE17;&#xE17;&#xE35;&#xE48; 12 &#xE40;&#xE0B;&#xE2D;&#xE23;&#xE4C;&#xE44;&#xE1E;&#xE23;&#xE2A;&#xE4C; -- &#xE1A;&#xE17;&#xE17;&#xE35;&#xE48; 13 &#xE40;&#xE1C;&#xE37;&#xE48;&#xE2D;&#xE17;&#xE35;&#xE48;&#xE43;&#xE2B;&#xE49;&#xE01;&#xE31;&#xE1A;&#xE04;&#xE27;&#xE32;&#xE21;&#xE1C;&#xE34;&#xE14;&#xE1E;&#xE25;&#xE32;&#xE14; -- &#xE1A;&#xE17;&#xE17;&#xE35;&#xE48; 14 &#xE04;&#xE38;&#xE13;&#xE08;&#xE30;&#xE40;&#xE1B;&#xE25;&#xE35;&#xE48;&#xE22;&#xE19;&#xE44;&#xE1B; -- &#xE1A;&#xE17;&#xE17;&#xE35;&#xE48; 15 &#xE44;&#xE21;&#xE48;&#xE21;&#xE35;&#xE2D;&#xE30;&#xE44;&#xE23;&#xE44;&#xE14;&#xE49;&#xE21;&#xE32;&#xE1F;&#xE23;&#xE35; -- &#xE1A;&#xE17;&#xE17;&#xE35;&#xE48; 16 &#xE04;&#xE38;&#xE13;&#xE41;&#xE25;&#xE30;&#xE1C;&#xE21; -- &#xE1A;&#xE17;&#xE17;&#xE35;&#xE48; 17 &#xE04;&#xE27;&#xE32;&#xE21;&#xE40;&#xE22;&#xE49;&#xE32;&#xE22;&#xE27;&#xE19;&#xE02;&#xE2D;&#xE07;&#xE01;&#xE32;&#xE23;&#xE21;&#xE2D;&#xE07;&#xE42;&#xE25;&#xE01;&#xE43;&#xE19;&#xE41;&#xE07;&#xE48;&#xE23;&#xE49;&#xE32;&#xE22; -- &#xE1A;&#xE17;&#xE17;&#xE35;&#xE48; 18 &#xE40;&#xE27;&#xE25;&#xE32;&#xE17;&#xE35;&#xE48;&#xE04;&#xE38;&#xE13;&#xE21;&#xE35;&#xE04;&#xE27;&#xE32;&#xE21;&#xE40;&#xE0A;&#xE37;&#xE48;&#xE2D;&#xE43;&#xE19;&#xE40;&#xE23;&#xE37;&#xE48;&#xE2D;&#xE07;&#xE43;&#xE14;&#xE01;&#xE47;&#xE15;&#xE32;&#xE21; -- &#xE1A;&#xE17;&#xE17;&#xE35;&#xE48; 19 &#xE40;&#xE2D;&#xE32;&#xE40;&#xE23;&#xE37;&#xE48;&#xE2D;&#xE07;&#xE17;&#xE31;&#xE49;&#xE07;&#xE2B;&#xE21;&#xE14;&#xE21;&#xE32;&#xE23;&#xE49;&#xE2D;&#xE22;&#xE40;&#xE23;&#xE35;&#xE22;&#xE07;&#xE40;&#xE02;&#xE49;&#xE32;&#xE14;&#xE49;&#xE27;&#xE22;&#xE01;&#xE31;&#xE19; -- &#xE1A;&#xE17;&#xE17;&#xE35;&#xE48; 20 &#xE04;&#xE33;&#xE2A;&#xE32;&#xE23;&#xE20;&#xE32;&#xE1E; -- &#xE1A;&#xE17;&#xE2A;&#xE48;&#xE07;&#xE17;&#xE49;&#xE32;&#xE22; &#xE1B;&#xE23;&#xE30;&#xE27;&#xE31;&#xE15;&#xE34;&#xE28;&#xE32;&#xE2A;&#xE15;&#xE23;&#xE4C;&#xE09;&#xE1A;&#xE31;&#xE1A;&#xE22;&#xE48;&#xE2D; : &#xE40;&#xE2B;&#xE15;&#xE38;&#xE43;&#xE14;&#xE1C;&#xE39;&#xE49;&#xE1A;&#xE23;&#xE34;&#xE42;&#xE20;&#xE04;&#xE43;&#xE19;&#xE2A;&#xE2B;&#xE23;&#xE31;&#xE10;&#xE2D;&#xE40;&#xE21;&#xE23;&#xE34;&#xE01;&#xE32;&#xE08;&#xE36;&#xE07;&#xE04;&#xE34;&#xE14;&#xE43;&#xE19;&#xE41;&#xE1A;&#xE1A;&#xE17;&#xE35;&#xE48;&#xE40;&#xE1B;&#xE47;&#xE19;&#xE2D;&#xE22;&#xE39;&#xE48; -- &#xE01;&#xE34;&#xE15;&#xE15;&#xE34;&#xE01;&#xE23;&#xE23;&#xE21;&#xE1B;&#xE23;&#xE30;&#xE01;&#xE32;&#xE28;.</subfield>
  </datafield>
  <datafield tag="650" ind1=" " ind2="4">
    <subfield code="9">3780</subfield>
    <subfield code="a">&#xE01;&#xE32;&#xE23;&#xE40;&#xE07;&#xE34;&#xE19;&#xE2A;&#xE48;&#xE27;&#xE19;&#xE1A;&#xE38;&#xE04;&#xE04;&#xE25;</subfield>
  </datafield>
  <datafield tag="650" ind1=" " ind2="4">
    <subfield code="9">57847</subfield>
    <subfield code="a">&#xE01;&#xE32;&#xE23;&#xE40;&#xE07;&#xE34;&#xE19;</subfield>
    <subfield code="x">&#xE41;&#xE07;&#xE48;&#xE08;&#xE34;&#xE15;&#xE27;&#xE34;&#xE17;&#xE22;&#xE32; </subfield>
  </datafield>
  <datafield tag="650" ind1=" " ind2="4">
    <subfield code="9">4174</subfield>
    <subfield code="a">&#xE01;&#xE32;&#xE23;&#xE25;&#xE07;&#xE17;&#xE38;&#xE19;</subfield>
  </datafield>
  <datafield tag="650" ind1=" " ind2="4">
    <subfield code="9">22867</subfield>
    <subfield code="a">&#xE04;&#xE27;&#xE32;&#xE21;&#xE21;&#xE31;&#xE48;&#xE19;&#xE04;&#xE07;&#xE17;&#xE32;&#xE07;&#xE01;&#xE32;&#xE23;&#xE40;&#xE07;&#xE34;&#xE19;</subfield>
  </datafield>
  <datafield tag="700" ind1="1" ind2=" ">
    <subfield code="9">59038</subfield>
    <subfield code="a">Housel, Morgan </subfield>
  </datafield>
  <datafield tag="700" ind1="0" ind2=" ">
    <subfield code="9">59039</subfield>
    <subfield code="a">&#xE18;&#xE19;&#xE34;&#xE19; &#xE23;&#xE31;&#xE28;&#xE21;&#xE35;&#xE18;&#xE23;&#xE23;&#xE21;&#xE0A;&#xE32;&#xE15;&#xE34;</subfield>
  </datafield>
  <datafield tag="850" ind1=" " ind2=" ">
    <subfield code="a">NALT</subfield>
  </datafield>
  <datafield tag="942" ind1=" " ind2=" ">
    <subfield code="2">lcc</subfield>
    <subfield code="c">GB</subfield>
  </datafield>
  <datafield tag="998" ind1=" " ind2=" ">
    <subfield code="a">phon</subfield>
    <subfield code="b">phon</subfield>
    <subfield code="c">phon</subfield>
    <subfield code="j">111</subfield>
    <subfield code="k"> &#xE19;&#xE32;&#xE07;&#xE2A;&#xE32;&#xE27;&#xE1E;&#xE08;&#xE1E;&#xE34;&#xE13;  &#xE1E;&#xE23;&#xE21;&#xE40;&#xE2D;&#xE35;&#xE48;&#xE22;&#xE21;</subfield>
  </datafield>
  <datafield tag="999" ind1=" " ind2=" ">
    <subfield code="c">100771</subfield>
    <subfield code="d">100771</subfield>
  </datafield>
  <datafield tag="952" ind1=" " ind2=" ">
    <subfield code="0">0</subfield>
    <subfield code="1">0</subfield>
    <subfield code="2">lcc</subfield>
    <subfield code="4">0</subfield>
    <subfield code="7">0</subfield>
    <subfield code="8">CGBL</subfield>
    <subfield code="a">NALT</subfield>
    <subfield code="b">NALT</subfield>
    <subfield code="c">GEN</subfield>
    <subfield code="d">2022-09-16</subfield>
    <subfield code="e">1</subfield>
    <subfield code="l">9</subfield>
    <subfield code="m">6</subfield>
    <subfield code="o">HG 179 &#xE2E;721&#xE08; 2565</subfield>
    <subfield code="p">3961213137</subfield>
    <subfield code="r">2025-12-02 00:00:00</subfield>
    <subfield code="s">2025-11-21</subfield>
    <subfield code="t">&#xE09;.1</subfield>
    <subfield code="w">2022-09-16</subfield>
    <subfield code="y">GB</subfield>
  </datafield>
  <datafield tag="952" ind1=" " ind2=" ">
    <subfield code="0">0</subfield>
    <subfield code="1">0</subfield>
    <subfield code="2">lcc</subfield>
    <subfield code="4">0</subfield>
    <subfield code="7">0</subfield>
    <subfield code="8">CGBL</subfield>
    <subfield code="a">NALT</subfield>
    <subfield code="b">NALT</subfield>
    <subfield code="c">GEN</subfield>
    <subfield code="d">2022-09-16</subfield>
    <subfield code="e">1</subfield>
    <subfield code="l">8</subfield>
    <subfield code="m">8</subfield>
    <subfield code="o">HG 179 &#xE2E;721&#xE08; 2565</subfield>
    <subfield code="p">3961213138</subfield>
    <subfield code="r">2025-12-10 00:00:00</subfield>
    <subfield code="s">2025-11-28</subfield>
    <subfield code="t">&#xE09;.2</subfield>
    <subfield code="w">2022-09-16</subfield>
    <subfield code="y">GB</subfield>
  </datafield>
</record>
